LEADER 02013nam a2200421 u 4500 001 000000015609 003 CaOOAMICUS 005 20101014145329.0 008 940517s1993 fr d u000 u fre u 020 $a225100422X 035 $a10364821 040 $aEFR$bita$dPUL 041 1 $afre$agrc 082 04$a880 100 0 $aTheophrastus,$dc. 371-c. 286 a.C.$0(OLS)http://pul/name/4462 240 10$aMetaphysica$9(Theophrastus, c. 371-c. 286 a.C.).$lFrancese e greco.$0(OLS)http://pul/title/22374 245 10$aMétaphysique /$cThéophraste ; texte édité, traduit et annoté par André Laks et Glenn W. Most ; avec la collaboration de Charles Larmore et Enno Rudolph et pour la traduction arabe de Michel Crubellier. 260 $aParis :$bLes Belles Lettres,$c1993. 300 $axc, 101 p. :$bprosp. ;$c20 cm 490 1 $aCollection des universités de France 500 $aTesto latino e traduzione francese a fronte, con stessa numerazione di pagina. 504 $a"Bibliographie": p. [lxxxi]-lxxxviii. 700 1 $aLaks, André.$0(OLS)http://pul/name/14332 700 1 $aMost, Glenn W.$0(OLS)http://pul/name/14333 700 1 $aLarmore, Charles E.$0(OLS)http://pul/name/14334 700 1 $aRudolph, Enno.$0(OLS)http://pul/name/14335 700 1 $aCrubellier, Michel.$0(OLS)http://pul/name/14336 830 0$aCollection des universités de France.$0(OLS)http://pul/title/1172 850 $aPUL 852 $aPUL$W1$xSL Cons. Gen., Altre Classi 3$y75$m880 COLL 3.THEOP.2$j21939$nBK-PRI$qDDC 21$B21939$CPULBib$Z2$F21939 $H80712 $82 900 $aTeofrasto,$dc. 371-c. 286 a.C.$94462 900 $aTheophrastus Eresius Peripateticus,$dc. 371-c. 286 a.C.$94462 941 1 $a9 996 $6020$a225100422X$9(OLS)http://pul/number/20008 996 $6082$a880$9(OLS)http://pul/classification/674 996 $6245$aMétaphysique$9(OLS)http://pul/title/22375 996 $6260$aParis :$bLes Belles Lettres$9(OLS)http://pul/publisher/48357 LEADER 01587nam a2200289 i 4500 001 000000117128 003 CaOOAMICUS 005 20090925123804.0 008 090925s2008 it ae u000 u ita c 040 $aANG$bita$dPUL$dLDB$dMCT 041 0 $aitafre$beng 111 2 $aSimposio di Tarso su S. Paolo Apostolo$n(11 :$d2008).$0(OLS)http://pul/name/72974 245 10$aAtti del XI simposio paolino :$bPaolo tra Tarso e Antiochia : archeologia, storia, religione /$ca cura di L. Padovese. 260 $aRoma :$bIstituto Francescano di Spiritualità :$bPontificio Ateneo Antoniano,$c2008. 300 $a272 p. :$bill., piante ;$c24 cm. 490 1 $aTurchia: la Chiesa e la sua storia ;$v022 500 $aIn calce al front. : Sotto il patrocinio dell'Associazione culturale Eteria. 504 $aBibliografia e indici. 505 0 $aContiene abstract in lingua inglese alla fine di ogni intervento. 600 04$aPaulus,$cs., apostolo$vCongressi.$0(OLS)http://pul/subject/2121 700 1 $aPadovese, Luigi,$cO.F.M.,$d1947-2010.$0(OLS)http://pul/name/8306 830 0$aTurchia: la Chiesa e la sua storia ;$v022.$0(OLS)http://pul/title/12165 850 $aPUL 852 $aPUL$W1$xSL Religione 3$y85$m225. 92 PADOL 2$j134354$qDDC 21$B133336$CPULBib$Z2$F133336 $H108851 $82 941 1 $a9 996 $6245$aAtti del XI simposio paolino :$bPaolo tra Tarso e Antiochia : archeologia, storia, religione$9(OLS)http://pul/title/147362 996 $6260$aRoma :$bIstituto Francescano di Spiritualità :$bPontificio Ateneo Antoniano$9(OLS)http://pul/publisher/52062